Estatísticas para Países sul americanos

Clique aqui para jogar o quiz

Estatísticas Gerais

  • Esse quiz foi jogado 52 vezes
  • A pontuação média é 9 de 12

Estatísticas das Respostas

HintAnswers% Correto
South AmericaBrasil
97%
Argentina
92%
Uruguai
79%
Colômbia
74%
Paraguai
74%
Peru
74%
Chile
72%
Bolívia
69%
Equador
64%
Guiana
62%
Suriname
56%
Venezuela
49%

Distribuição das Pontuações

Percentil de Números Respondidos

Porcentagem de Pessoas com Cada Pontuação

Sua Pontuação Histórica

Você não jogou esse quiz